000 00454nam a2200145Ia 4500
008 170725s9999 xx 000 0 und d
100 _aChang-ai Sun
245 2 _aA path-aware approach to mutant reduction in mutation testing
245 _cChang-ai Sun, Feifei Xue, Huai Liu, Xiangyu Zhang
260 _c2017
300 _apages 65-81, January
440 _aInformation and software technology
_v81:
500 _aCJ0030
650 _aMutation Testing
999 _c340882
_d340882